Central Library OPAC University of Rajshahi

From Ottomanism to Arabism : (Record no. 25004)

MARC details
000 -LEADER
fixed length control field 00892cam a2200289 a 4500
001 - CONTROL NUMBER
control field 25004
003 - CONTROL NUMBER IDENTIFIER
rucl marc code BD-RjUL
005 - DATE AND TIME OF LATEST TRANSACTION
control field 20211209050821.0
008 - FIXED-LENGTH DATA ELEMENTS--GENERAL INFORMATION
fixed length control field 140316s1973 ilu b 001 0 eng
020 ## - INTERNATIONAL STANDARD BOOK NUMBER
International Standard Book Number 0252002024
035 ## - SYSTEM CONTROL NUMBER
System control number (BD-RjUL)25073
System control number 453554
040 ## - CATALOGING SOURCE
Original cataloging agency LC
Language of cataloging eng
Transcribing agency LC
Modifying agency ABN-SNR
-- BD-RjUL
041 ## - LANGUAGE CODE
Language code of text/sound track or separate title eng
082 04 - DEWEY DECIMAL CLASSIFICATION NUMBER
Classification number 320.5409174927
Author mark and year DAF
100 1# - MAIN ENTRY--PERSONAL NAME
Personal name Dawn, C. Ernest.
9 (RLIN) 76910
245 10 - TITLE STATEMENT
Title From Ottomanism to Arabism :
Remainder of title essays on the origins of Arab nationalism /
Statement of responsibility, etc. by C. Ernest Dawn.
260 ## - PUBLICATION, DISTRIBUTION, ETC. (IMPRINT)
Place of publication, distribution, etc. Urbana :
Name of publisher, distributor, etc. University of Illinois Press,
Date of publication, distribution, etc. 1973.
300 ## - PHYSICAL DESCRIPTION
Pagination ix, 212 p. ;
Size 24 cm.
504 ## - BIBLIOGRAPHY, ETC. NOTE
Bibliography, etc Includes bibliographical references and index.
650 #0 - SUBJECT ADDED ENTRY--TOPICAL TERM
Topical term or geographic name as entry element Nationalism
Geographic subdivision Arab countries.
9 (RLIN) 76911
Topical term or geographic name as entry element Arabism.
9 (RLIN) 76912
651 #0 - SUBJECT ADDED ENTRY--GEOGRAPHIC NAME
Geographic name Middle East
General subdivision Politics and government.
9 (RLIN) 76913
942 ## - ADDED ENTRY ELEMENTS (KOHA)
Source of classification or shelving scheme Dewey Decimal Classification
Koha item type Books
Holdings
Lost status Source of classification or shelving scheme Damaged status Not for loan Collection code Permanent Location Current Location Shelving location Date acquired Source of acquisition Cost, normal purchase price Total Checkouts Full call number Date last seen Copy number Koha item type
  Dewey Decimal Classification   Added to bundle Non-fiction Central Library, University of Rajshahi Central Library, University of Rajshahi Reading Room 14/06/1977 Heffers and sons 0.00   320.5409174927 DAF 1973 16/03/2014 C-1 Books